The Companion to Development Studies (Record no. 3146)

MARC details
000 -LEADER
fixed length control field 01346cam a2200325 a 4500
001 - CONTROL NUMBER
control field 12893851
003 - CONTROL NUMBER IDENTIFIER
control field OSt
005 - DATE AND TIME OF LATEST TRANSACTION
control field 20180830141641.0
008 - FIXED-LENGTH DATA ELEMENTS--GENERAL INFORMATION
fixed length control field 020813s2002 enka b 001 0 eng
010 ## - LIBRARY OF CONGRESS CONTROL NUMBER
LC control number 2002511331
015 ## - NATIONAL BIBLIOGRAPHY NUMBER
National bibliography number GBA1-Y2631
020 ## - INTERNATIONAL STANDARD BOOK NUMBER
International Standard Book Number 0340760508 (hb)
020 ## - INTERNATIONAL STANDARD BOOK NUMBER
International Standard Book Number 0340760516 (pb)
035 ## - SYSTEM CONTROL NUMBER
System control number (OCoLC)ocm46694558
040 ## - CATALOGING SOURCE
Original cataloging agency UKM
Transcribing agency UKM
Modifying agency J2H
-- CUS
-- DLC
042 ## - AUTHENTICATION CODE
Authentication code lccopycat
050 00 - LIBRARY OF CONGRESS CALL NUMBER
Classification number HD75
Item number .C655 2002
082 04 - DEWEY DECIMAL CLASSIFICATION NUMBER
Classification number 303.44
Edition number 21
Item number COM 2002
100 ## - MAIN ENTRY--PERSONAL NAME
Personal name Edited by Vandana, Desai; Potter.Robert B.
9 (RLIN) 12665
245 04 - TITLE STATEMENT
Title The Companion to Development Studies
260 ## - PUBLICATION, DISTRIBUTION, ETC. (IMPRINT)
Name of publisher, distributor, etc. Oxford University Press,
Date of publication, distribution, etc. 2002.
300 ## - PHYSICAL DESCRIPTION
Extent xiv, 562 p. :
Other physical details ill. ;
Dimensions 26 cm.
504 ## - BIBLIOGRAPHY, ETC. NOTE
Bibliography, etc Includes bibliographical references and index.
505 0# - FORMATTED CONTENTS NOTE
Formatted contents note The nature of development and of development studies -- Theories and strategies of development -- Rural development -- Industrialization and employment -- Urbanization -- Environment -- Gender, population and development -- Health and education -- Political economy of violence and insecurity -- Agents of development.
650 #0 - SUBJECT ADDED ENTRY--TOPICAL TERM
Topical term or geographic name as entry element Development economics.
9 (RLIN) 7021
650 #0 - SUBJECT ADDED ENTRY--TOPICAL TERM
Topical term or geographic name as entry element Political economy
9 (RLIN) 971
856 42 - ELECTRONIC LOCATION AND ACCESS
Materials specified Publisher description
Uniform Resource Identifier http://www.loc.gov/catdir/enhancements/fy0614/2002511331-d.html
906 ## - LOCAL DATA ELEMENT F, LDF (RLIN)
a 7
b cbc
c copycat
d 2
e ncip
f 20
g y-gencatlg
942 ## - ADDED ENTRY ELEMENTS (KOHA)
Source of classification or shelving scheme Dewey Decimal Classification
Koha item type Short Loan
Holdings
Withdrawn status Lost status Source of classification or shelving scheme Damaged status Not for loan Home library Current library Date acquired Inventory number Total Checkouts Full call number Barcode Date last seen Price effective from Koha item type
    Dewey Decimal Classification     MUST Main Library MUST Main Library 02/03/2016 2006/26215   303.44 COM 2002 2016-0312 02/03/2016 02/03/2016 Short Loan
    Dewey Decimal Classification     MUST Main Library MUST Main Library 02/03/2016 2006/27242   303.44 COM 2002 2016-0313 02/03/2016 02/03/2016 Short Loan